000 00288nam a22001337a 4500
008 170728b xxu||||| |||| 00| 0 eng d
020 _a3540138617
041 _ager
080 _a004
100 _a31
101 _aSHK
245 _aINFROMATIK-FACHBERICHTE
_cEHRICH,D
942 _2udc
_cBK
999 _c22119
_d22119